00662pam a2200229 i 45000010005000000030008000050050017000130080039000300200015000690350018000840400032001020410008001340820013001422450070001552500011002252600038002363000029002744900036003035040051003396500015003907000027004059044BD-RjUL20211208234715.0140120s1978 pauaf b 001 0 eng a0721619843 a(BD-RjUL)9089 aDLCcDLCdDLCdBD-RjULbeng aeng00a540bCHE00aChemistry :ba modern introduction /cFrank Brescia ... [et al.]. a2d ed. aPhiladelphia :bSaunders,cc1978. a819 p. :bill. ;c28 cm.0 aSaunders golden sunburst series aIncludes bibliographical references and index. 0aChemistry.1 aBrescia, Frank,d1908-